Mechanical and oil resistance characteristics of rubber blends on nitrile butadiene rubber (Record no. 62703)

MARC details
000 -LEADER
fixed length control field 00606nam a2200229Ia 4500
100 ## - MAIN ENTRY--AUTHOR NAME
Personal name Omran A M
245 #0 - TITLE STATEMENT
Title Mechanical and oil resistance characteristics of rubber blends on nitrile butadiene rubber
260 ## - PUBLICATION, DISTRIBUTION, ETC. (IMPRINT)
Name of publisher Kautschuk Gummi Kunststoffe
Year of publication 2010
300 ## - PHYSICAL DESCRIPTION
Number of Pages 197-202
650 ## - SUBJECT ADDED ENTRY--TOPICAL TERM
Topical Term CR
650 ## - SUBJECT ADDED ENTRY--TOPICAL TERM
Topical Term NBR
650 ## - SUBJECT ADDED ENTRY--TOPICAL TERM
Topical Term Oil resistance
650 ## - SUBJECT ADDED ENTRY--TOPICAL TERM
Topical Term PVC
650 ## - SUBJECT ADDED ENTRY--TOPICAL TERM
Topical Term Rubber blends
650 ## - SUBJECT ADDED ENTRY--TOPICAL TERM
Topical Term Vulcanizing system
700 ## - ADDED ENTRY--PERSONAL NAME
Personal name Adel-Bary E M
700 ## - ADDED ENTRY--PERSONAL NAME
Personal name Ahmed M M
700 ## - ADDED ENTRY--PERSONAL NAME
Personal name Hellipolis R T L
700 ## - ADDED ENTRY--PERSONAL NAME
Personal name Youssef A M
942 ## - ADDED ENTRY ELEMENTS (KOHA)
Koha item type Journals
Holdings
Withdrawn status Lost status Damaged status Not for loan Home library Current library Shelving location Date acquired Serial Enumeration / chronology Koha item type
      Journals RRII Library RRII Library Rubber technology 21/01/2011 Volume 63, Issue 5 Journals